[Event "MVP-ch Seniors op 17th"]
[Site "Binz"]
[Date "2017.12.01"]
[Round "3.66"]
[White "Daebel, Hasso"]
[Black "Krien, Hartmut"]
[Result "0-1"]
[WhiteElo "1651"]
[BlackElo "1825"]
[PlyCount "92"]
[EventDate "2017.11.29"]
[EventType "swiss"]
[EventRounds "9"]
[EventCountry "GER"]
[SourceTitle "EXT 2019"]
[Source "ChessBase"]
[SourceDate "2018.10.10"]
[SourceVersion "1"]
[SourceVersionDate "2018.10.10"]
[SourceQuality "1"]

1. d4 Nf6 2. Nf3 g6 3. h3 Bg7 4. c3 0-0 5. Bf4 d6 6. e3 Nbd7 7. Nbd2 c5 8. Be2 Qb6 9. Qb3 Nh5 10. Bh2 Nhf6 11. 0-0 Qxb3 12. Nxb3 b6 13. Nbd2 Bb7 14. Ng5 h6 15. Bf3 d5 16. h4 hxg5 17. hxg5 Ne4 18. Nxe4 dxe4 19. Bg4 f5 20. gxf6 Nxf6 21. Be6+ Kh8 22. g4 cxd4 23. cxd4 Bd5 24. Bxd5 Nxd5 25. a3 Rf3 26. Kg2 Raf8 27. Rae1 Kg8 28. Bg3 Nf6 29. g5 Nh5 30. Bh4 Bh8 31. Re2 Ng7 32. Rc1 Nf5 33. Bg3 Nxg3 34. fxg3 R8f5 35. Rc8+ Kg7 36. Rc7 Kf8 37. Rcc2 Rxg5 38. Kg1 Rgxg3+ 39. Rg2 Rxe3 40. d5 Bd4 41. Rxg3 Rxg3+ 42. Kh2 Be5 43. Kh1 e3 44. b4 Rf3 45. Re2 Bd4 46. b5 Rf2 0-1

[Event "MVP-ch Seniors op 17th"]
[Site "Binz"]
[Date "2017.11.30"]
[Round "2.51"]
[White "Pawlick, Helmut"]
[Black "Daebel, Hasso"]
[Result "1-0"]
[WhiteElo "1945"]
[BlackElo "1651"]
[PlyCount "47"]
[EventDate "2017.11.29"]
[EventType "swiss"]
[EventRounds "9"]
[EventCountry "GER"]
[SourceTitle "EXT 2019"]
[Source "ChessBase"]
[SourceDate "2018.10.10"]
[SourceVersion "1"]
[SourceVersionDate "2018.10.10"]
[SourceQuality "1"]

1. e4 c5 2. Nf3 d6 3. d4 cxd4 4. Nxd4 Bd7 5. Bc4 Nf6 6. Nc3 a6 7. a4 Nc6 8. 0-0 e5 9. Nde2 Be7 10. Bg5 h6 11. Bxf6 gxf6 12. Nd5 Be6 13. Ng3 Na5 14. Ba2 b5 15. Qh5 Nc4 16. axb5 axb5 17. Bxc4 Rxa1 18. Bxb5+ Bd7 19. Bxd7+ Qxd7 20. Rxa1 Kf8 21. Ra8+ Kg7 22. Rxh8 Kxh8 23. Qxh6+ Kg8 24. Nf5 1-0

[Event "Hamburg-ch Seniors 23rd"]
[Site "Hamburg"]
[Date "2016.11.10"]
[Round "9"]
[White "Dangelowski, Peter"]
[Black "Daebel, Hasso"]
[Result "1-0"]
[WhiteElo "1783"]
[BlackElo "1657"]
[PlyCount "67"]
[EventDate "2016.11.02"]
[EventType "swiss"]
[EventRounds "9"]
[EventCountry "GER"]
[SourceTitle "EXT 2019"]
[Source "ChessBase"]
[SourceDate "2018.10.10"]
[SourceVersion "1"]
[SourceVersionDate "2018.10.10"]
[SourceQuality "1"]

1. d4 d5 2. Bf4 Be6 3. e3 Nd7 4. Bd3 g6 5. Nf3 Bg4 6. Nbd2 Bg7 7. h3 Bxf3 8. Nxf3 Ngf6 9. 0-0 c6 10. Re1 0-0 11. c4 dxc4 12. Bxc4 e6 13. Qb3 Qb6 14. Qc2 Nd5 15. Bxd5 exd5 16. Rab1 Rfe8 17. Qd3 a6 18. Rec1 Rac8 19. b4 Qb5 20. Qd1 Qb6 21. a4 Qa7 22. b5 a5 23. Qb3 Nf6 24. bxc6 bxc6 25. Qb7 Qa8 26. Qxa8 Rxa8 27. Rxc6 Rec8 28. Rxc8+ Rxc8 29. Rb5 Ra8 30. Be5 Nd7 31. Bxg7 Kxg7 32. Ne5 Nf6 33. Rb7 Rc8 34. Rxf7+ 1-0

[Event "Hamburg-ch Seniors 23rd"]
[Site "Hamburg"]
[Date "2016.11.04"]
[Round "3"]
[White "Daebel, Hasso"]
[Black "Keuneke, Hanno"]
[Result "1/2-1/2"]
[WhiteElo "1657"]
[BlackElo "1730"]
[PlyCount "95"]
[EventDate "2016.11.02"]
[EventType "swiss"]
[EventRounds "9"]
[EventCountry "GER"]
[SourceTitle "EXT 2019"]
[Source "ChessBase"]
[SourceDate "2018.10.10"]
[SourceVersion "1"]
[SourceVersionDate "2018.10.10"]
[SourceQuality "1"]

1. d4 Nf6 2. Nf3 g6 3. h3 Bg7 4. Bf4 d6 5. c3 0-0 6. Nbd2 Nc6 7. e3 Re8 8. Be2 e5 9. Bg5 e4 10. Bxf6 Qxf6 11. Nh2 Qg5 12. Bf1 a6 13. g3 b5 14. Bg2 d5 15. h4 Qe7 16. a3 Na5 17. b4 Nb7 18. Nb3 a5 19. Nc5 Nxc5 20. bxc5 Ba6 21. Qd2 c6 22. Bf1 Reb8 23. Be2 Bc8 24. Bg4 f5 25. Be2 Qb7 26. 0-0 Qe7 27. f4 h6 28. Qe1 g5 29. hxg5 hxg5 30. Rf2 g4 31. Nf1 Bd7 32. Rh2 Kf7 33. Rb1 Rh8 34. Rxh8 Rxh8 35. Nh2 Bf6 36. Bf1 Ke6 37. Rb2 Qh7 38. Qf2 a4 39. Qg2 Bd8 40. Rc2 Ba5 41. Be2 Bc8 42. Nf1 Ba6 43. Kf2 Qb7 44. Kg1 Rh3 45. Nh2 Rh8 46. Bf1 Qa7 47. Qe2 Ra8 48. Qd2 1/2-1/2

[Event "Hamburg-ch Seniors 23rd"]
[Site "Hamburg"]
[Date "2016.11.02"]
[Round "1"]
[White "Daebel, Hasso"]
[Black "Stuhlmann, Alexander"]
[Result "0-1"]
[WhiteElo "1657"]
[BlackElo "1891"]
[PlyCount "98"]
[EventDate "2016.11.02"]
[EventType "swiss"]
[EventRounds "9"]
[EventCountry "GER"]
[SourceTitle "EXT 2019"]
[Source "ChessBase"]
[SourceDate "2018.10.10"]
[SourceVersion "1"]
[SourceVersionDate "2018.10.10"]
[SourceQuality "1"]

1. d4 Nf6 2. Nf3 g6 3. h3 Bg7 4. c3 0-0 5. Bf4 d6 6. Nbd2 Nbd7 7. e4 c5 8. Be2 a6 9. g4 b5 10. g5 Ne8 11. e5 cxd4 12. cxd4 dxe5 13. Nxe5 Nxe5 14. dxe5 Qd4 15. Bg3 Bxe5 16. Nf3 Qb4+ 17. Qd2 Qxd2+ 18. Nxd2 Bxb2 19. Rb1 Bc3 20. Bf3 Ra7 21. Rc1 b4 22. Ke2 Bxd2 23. Kxd2 Rd7+ 24. Ke3 Nd6 25. Be5 Nf5+ 26. Kf4 f6 27. gxf6 exf6 28. Bxf6 Nd4 29. Bg4 Nf5 30. Be5 Bb7 31. Rhe1 h5 32. Bxf5 Rxf5+ 33. Kg3 Rd3+ 34. Re3 Rxe3+ 35. fxe3 Rxe5 36. Re1 g5 37. h4 g4 38. Kf4 Ra5 39. e4 Rxa2 40. e5 b3 41. Kg5 b2 42. Rd1 Bd5 43. Rxd5 b1Q 44. Rd8+ Kf7 45. Rd6 g3 46. Rf6+ Ke7 47. Kxh5 g2 48. Kh6 g1Q 49. h5 Qb8 0-1

[Event "Schleswig Holstein-ch Seniors op 10th"]
[Site "Buesum"]
[Date "2016.09.26"]
[Round "1"]
[White "Daebel, Hasso"]
[Black "Zimmermann, Manfred"]
[Result "0-1"]
[WhiteElo "1657"]
[BlackElo "1977"]
[PlyCount "84"]
[EventDate "2016.09.26"]
[EventType "swiss"]
[EventRounds "9"]
[EventCountry "GER"]
[SourceTitle "EXT 2019"]
[Source "ChessBase"]
[SourceDate "2018.10.10"]
[SourceVersion "1"]
[SourceVersionDate "2018.10.10"]
[SourceQuality "1"]

1. d4 Nf6 2. Nf3 e6 3. Bf4 Nh5 4. Bg3 Be7 5. h3 Nxg3 6. fxg3 Bd6 7. Kf2 c5 8. c3 Qc7 9. g4 Bg3+ 10. Kg1 Bf4 11. Qd3 c4 12. Qe4 d5 13. Qxf4 Qxf4 14. Nbd2 Qe3+ 15. Kh2 f6 16. Rd1 h5 17. gxh5 Rxh5 18. Rg1 Qf2 19. Kh1 Qg3 20. e4 Bd7 21. b3 b5 22. e5 Nc6 23. Be2 Ke7 24. Nf1 Qf4 25. N3h2 Rh7 26. exf6+ gxf6 27. Bf3 Qg5 28. Re1 Kd6 29. Ng4 e5 30. dxe5+ fxe5 31. Ngh2 e4 32. Bd1 Ne5 33. Be2 Rg8 34. g4 Rxh3 35. Rg3 Rgh8 36. bxc4 bxc4 37. Kg2 Rxg3+ 38. Nxg3 Nxg4 39. Nxg4 Bxg4 40. Rh1 Rxh1 41. Kxh1 Bxe2 42. Nxe2 Qh5+ 0-1

[Event "GER-chB Seniors 28th"]
[Site "Niederhausen"]
[Date "2016.08.18"]
[Round "6"]
[White "Strozewski, Guenter"]
[Black "Daebel, Hasso"]
[Result "0-1"]
[WhiteElo "1766"]
[BlackElo "1657"]
[PlyCount "115"]
[EventDate "2016.08.13"]
[EventType "swiss"]
[EventRounds "9"]
[EventCountry "GER"]
[SourceTitle "EXT 2019"]
[Source "ChessBase"]
[SourceDate "2018.10.10"]
[SourceVersion "1"]
[SourceVersionDate "2018.10.10"]
[SourceQuality "1"]

1. Nf3 d5 2. g3 Nf6 3. Bg2 c6 4. d3 Bf5 5. Nc3 h6 6. 0-0 Nbd7 7. Re1 e6 8. Nh4 Bh7 9. a3 Be7 10. e4 dxe4 11. dxe4 g5 12. Nf3 Bc5 13. Be3 Be7 14. Nd2 Qc7 15. Nc4 e5 16. Qd2 b5 17. Nxe5 Nxe5 18. b3 a6 19. f4 Neg4 20. Bd4 c5 21. Bxf6 Nxf6 22. e5 Rd8 23. exf6 Rxd2 24. Rxe7+ Qxe7 25. fxe7 Kxe7 26. Nd5+ Kd6 27. c4 Bc2 28. Nf6 Ke6 29. Ng4 Rd1+ 30. Rxd1 Bxd1 31. Bd5+ Ke7 32. cxb5 axb5 33. Ne5 Kd6 34. Bc6 Bh5 35. Be4 f6 36. Nd3 c4 37. bxc4 bxc4 38. Nb4 Re8 39. Bc2 Re1+ 40. Kg2 Ra1 41. a4 Bd1 42. Bxd1 Rxd1 43. fxg5 fxg5 44. Kf3 Ra1 45. Ke3 Rxa4 46. Nc2 Ke5 47. Kd2 Ra2 48. Kc3 Rxc2+ 49. Kxc2 Kd4 50. Kd2 g4 51. Kc2 h5 52. Kd2 c3+ 53. Kc2 Ke3 54. Kxc3 Kf2 55. Kd3 Kg2 56. Ke2 Kxh2 57. Kf1 Kxg3 58. Kg1 0-1

[Event "GER-chB Seniors 28th"]
[Site "Niederhausen"]
[Date "2016.08.17"]
[Round "5"]
[White "Daebel, Hasso"]
[Black "Walther, Renate"]
[Result "1/2-1/2"]
[WhiteElo "1657"]
[BlackElo "1233"]
[PlyCount "80"]
[EventDate "2016.08.13"]
[EventType "swiss"]
[EventRounds "9"]
[EventCountry "GER"]
[SourceTitle "EXT 2019"]
[Source "ChessBase"]
[SourceDate "2018.10.10"]
[SourceVersion "1"]
[SourceVersionDate "2018.10.10"]
[SourceQuality "1"]

1. d4 d5 2. Bf4 Bf5 3. h3 Nc6 4. c3 Nf6 5. Nd2 e6 6. Ngf3 Bd6 7. Ne5 Bxe5 8. dxe5 Nd7 9. Nf3 f6 10. exf6 Nxf6 11. Bg5 Qd7 12. Bxf6 gxf6 13. g4 Be4 14. Bg2 0-0-0 15. 0-0 Rdg8 16. Nh4 Bg6 17. Qd2 Ne7 18. Rad1 h5 19. Nxg6 Rxg6 20. f3 h4 21. e4 c6 22. Qe2 Kb8 23. Rd3 Qd6 24. f4 e5 25. f5 Rgg8 26. exd5 c5 27. c4 Nc8 28. Rb3 Nb6 29. Rc1 Re8 30. Be4 Reg8 31. Kh1 Kc7 32. Qd2 Rg5 33. Qa5 Ra8 34. Qe1 Rh8 35. Rb5 a6 36. Rb3 Na4 37. Qa5+ Nb6 38. a3 Rhg8 39. Qe1 Rh8 40. Re3 Kb8 1/2-1/2

[Event "GER-chB Seniors 28th"]
[Site "Niederhausen"]
[Date "2016.08.15"]
[Round "3"]
[White "Daebel, Hasso"]
[Black "Barlo, Werner"]
[Result "0-1"]
[WhiteElo "1657"]
[BlackElo "1774"]
[PlyCount "100"]
[EventDate "2016.08.13"]
[EventType "swiss"]
[EventRounds "9"]
[EventCountry "GER"]
[SourceTitle "EXT 2019"]
[Source "ChessBase"]
[SourceDate "2018.10.10"]
[SourceVersion "1"]
[SourceVersionDate "2018.10.10"]
[SourceQuality "1"]

1. d4 Nf6 2. Nf3 e6 3. h3 d5 4. Bf4 c5 5. dxc5 Bxc5 6. e3 Qb6 7. Qc1 Nc6 8. c3 Ne4 9. Bd3 0-0 10. 0-0 Bd7 11. Ne5 Nxe5 12. Bxe5 f6 13. Bd4 e5 14. Bxc5 Nxc5 15. Bc2 a5 16. Nd2 Bb5 17. Re1 a4 18. Qb1 e4 19. b4 Nd3 20. Rd1 Rfc8 21. Bxd3 Bxd3 22. Qb2 Rc7 23. a3 Rac8 24. Rac1 Qd6 25. Nf1 Qe5 26. f4 Qd6 27. Nd2 b5 28. Nf3 Qd7 29. Nd4 g6 30. Rxd3 exd3 31. Qd2 Rc4 32. Qxd3 f5 33. Kf2 Kg7 34. h4 Qe8 35. Ne2 Qe4 36. Qxe4 dxe4 37. Ke1 Rd8 38. Rd1 Rd3 39. Rxd3 exd3 40. Nd4 Rxc3 41. Nxb5 Rc2 42. g4 fxg4 43. Nd4 Ra2 44. f5 g3 45. Nf3 g2 46. fxg6 hxg6 47. b5 Rxa3 48. Kd2 Rb3 49. b6 a3 50. b7 Rxb7 0-1

[Event "GER-chB Seniors 28th"]
[Site "Niederhausen"]
[Date "2016.08.13"]
[Round "1"]
[White "Daebel, Hasso"]
[Black "Andrijenko, Anatoliy"]
[Result "1-0"]
[WhiteElo "1657"]
[BlackElo "1845"]
[PlyCount "89"]
[EventDate "2016.08.13"]
[EventType "swiss"]
[EventRounds "9"]
[EventCountry "GER"]
[SourceTitle "EXT 2019"]
[Source "ChessBase"]
[SourceDate "2018.10.10"]
[SourceVersion "1"]
[SourceVersionDate "2018.10.10"]
[SourceQuality "1"]

1. d4 Nf6 2. h3 g6 3. Bf4 Bg7 4. c3 d5 5. Nd2 Nbd7 6. Ngf3 0-0 7. e3 c5 8. Be2 c4 9. Ne5 Nxe5 10. Bxe5 Nd7 11. Bg3 e5 12. dxe5 Bxe5 13. Bxe5 Nxe5 14. Nf3 Nxf3+ 15. Bxf3 Be6 16. Qd2 Qa5 17. a3 Rfd8 18. g4 Rd7 19. 0-0 Qb6 20. Rab1 Rdd8 21. Qd4 Qxd4 22. exd4 Kg7 23. Rfe1 Rd6 24. Re2 b5 25. Kg2 a5 26. Kg3 Rb8 27. b4 axb4 28. axb4 Ra8 29. Rbb2 Ra3 30. Re3 Rda6 31. Rc2 g5 32. Bg2 f5 33. Re5 f4+ 34. Kh2 Rd6 35. Rxg5+ Kf6 36. Re5 Ra7 37. g5+ Kg6 38. Rce2 Bf7 39. h4 Ra3 40. Rc2 Kh5 41. f3 Bg6 42. Rc1 Kxh4 43. Bh3 Ra2+ 44. Bg2 Rd7 45. Rh1 1-0

[Event "Hessen-ch Seniors op 12th"]
[Site "Bad Sooden-Allendorf"]
[Date "2016.05.04"]
[Round "5"]
[White "Becker, Guenter"]
[Black "Daebel, Hasso"]
[Result "1-0"]
[WhiteElo "1836"]
[BlackElo "1662"]
[PlyCount "68"]
[EventDate "2016.04.30"]
[EventType "swiss"]
[EventRounds "9"]
[EventCountry "GER"]
[SourceTitle "EXT 2019"]
[Source "ChessBase"]
[SourceDate "2018.10.10"]
[SourceVersion "1"]
[SourceVersionDate "2018.10.10"]
[SourceQuality "1"]

1. c4 e5 2. g3 Bc5 3. Bg2 Ne7 4. Nc3 a6 5. e3 Nbc6 6. Nge2 d6 7. 0-0 Be6 8. d4 Bxc4 9. dxc5 Bxe2 10. Qxe2 dxc5 11. b3 0-0 12. Bb2 Rb8 13. Rfd1 Qe8 14. Rac1 Rd8 15. Nd5 Nxd5 16. Bxd5 b6 17. Bxc6 Qxc6 18. Bxe5 f6 19. Bb2 a5 20. a3 Rd6 21. Rxd6 cxd6 22. Qc4+ d5 23. Qc3 Qd6 24. b4 axb4 25. axb4 c4 26. Rd1 Qc6 27. Qd4 Rd8 28. e4 b5 29. exd5 Qd7 30. d6 Kf7 31. Qd5+ Kg6 32. Qe4+ f5 33. Qd5 Re8 34. Kf1 Ra8 1-0

[Event "Hamburg-ch Seniors 22nd"]
[Site "Hamburg"]
[Date "2015.11.05"]
[Round "9"]
[White "Grube, Bernd"]
[Black "Daebel, Hasso"]
[Result "0-1"]
[WhiteElo "1545"]
[BlackElo "1728"]
[PlyCount "29"]
[EventDate "2015.10.28"]
[EventType "swiss"]
[EventRounds "9"]
[EventCountry "GER"]
[SourceTitle "EXT 2018"]
[Source "ChessBase"]
[SourceDate "2017.10.13"]
[SourceVersion "1"]
[SourceVersionDate "2017.10.13"]
[SourceQuality "1"]

1. d4 d5 2. c4 dxc4 3. Nc3 Be6 4. a4 c5 5. d5 Bf5 6. e4 Bg6 7. f3 e6 8. Bxc4 exd5 9. exd5 Bh5 10. Nge2 Nd7 11. Be3 Nb6 12. Ba2 Ne7 13. 0-0 Rc8 14. a5 Na8 15. Bb1 0-1

[Event "Hamburg-ch Seniors 22nd"]
[Site "Hamburg"]
[Date "2015.10.31"]
[Round "4"]
[White "Daebel, Hasso"]
[Black "Graffenberger, Marianne"]
[Result "0-1"]
[WhiteElo "1728"]
[BlackElo "1526"]
[PlyCount "124"]
[EventDate "2015.10.28"]
[EventType "swiss"]
[EventRounds "9"]
[EventCountry "GER"]
[SourceTitle "EXT 2018"]
[Source "ChessBase"]
[SourceDate "2017.10.13"]
[SourceVersion "1"]
[SourceVersionDate "2017.10.13"]
[SourceQuality "1"]

1. Nf3 d5 2. d4 Nf6 3. h3 e6 4. Bf4 Bd6 5. Ne5 Nbd7 6. Nd3 Bxf4 7. Nxf4 c6 8. e3 e5 9. dxe5 Nxe5 10. Be2 Qb6 11. b3 Qb4+ 12. c3 Qb6 13. Nd2 0-0 14. Qc2 Qc7 15. Nf3 Ng6 16. Nxg6 fxg6 17. Bd3 Bf5 18. 0-0-0 Ne4 19. Kb2 a5 20. g4 Be6 21. Bxe4 dxe4 22. Ng5 Qe7 23. Nxe6 Qxe6 24. Rd2 b5 25. Rhd1 a4 26. Rd6 a3+ 27. Kb1 Qe8 28. Rf1 Rd8 29. Rxd8 Qxd8 30. Kc1 Qd5 31. b4 Qc4 32. Qb3 Kh8 33. Qxc4 bxc4 34. Kd2 Rd8+ 35. Ke2 Rd3 36. Rc1 g5 37. f3 exf3+ 38. Kxf3 g6 39. Ke2 Kg7 40. Rc2 Kf6 41. Rd2 Rxd2+ 42. Kxd2 Ke5 43. Ke1 Ke4 44. Ke2 h6 45. Kf2 Kd3 46. Kf3 Kxc3 47. e4 Kb2 48. e5 c3 49. e6 c2 50. e7 c1Q 51. e8Q Qf4+ 52. Kg2 Qd2+ 53. Kg3 Qd6+ 54. Kg2 Qd5+ 55. Kg3 Qd3+ 56. Kg2 Kxa2 57. Qxc6 Kb3 58. b5 a2 59. Qe6+ Qc4 60. Qe5 Qc2+ 61. Kf1 Qc1+ 62. Ke2 a1Q 0-1

[Event "Schleswig Holstein-ch Seniors op 9th"]
[Site "Buesum"]
[Date "2015.10.06"]
[Round "8"]
[White "Eberhardt, Michael"]
[Black "Daebel, Hasso"]
[Result "1-0"]
[WhiteElo "1795"]
[BlackElo "1737"]
[PlyCount "115"]
[EventDate "2015.09.28"]
[EventType "swiss"]
[EventRounds "9"]
[EventCountry "GER"]
[SourceTitle "EXT 2018"]
[Source "ChessBase"]
[SourceDate "2017.10.13"]
[SourceVersion "1"]
[SourceVersionDate "2017.10.13"]
[SourceQuality "1"]

1. d4 d5 2. Bf4 Nf6 3. e3 Bf5 4. Nf3 h6 5. c4 c6 6. Nc3 e6 7. Qb3 Qb6 8. c5 Qxb3 9. axb3 Nbd7 10. b4 g5 11. Bc7 Rc8 12. Bg3 a6 13. Ne5 Be7 14. Be2 0-0 15. h4 Nxe5 16. Bxe5 Nd7 17. Bg3 gxh4 18. Bxh4 Bxh4 19. Rxh4 Kg7 20. Kd2 Rh8 21. g4 Bg6 22. f4 f5 23. Rg1 Kf7 24. Rgh1 Kg7 25. gxf5 exf5 26. Rg1 Rcg8 27. e4 Kf7 28. exd5 Nf6 29. dxc6 bxc6 30. Bc4+ Kg7 31. Bxg8 Rxg8 32. Rh3 Rb8 33. Rhg3 Ng4 34. d5 Rxb4 35. d6 Rxb2+ 36. Kd3 Rb7 37. Rb1 Rxb1 38. Nxb1 Kf7 39. Kd4 h5 40. Ra3 Ke6 41. Nd2 Nf6 42. Nf3 Ne4 43. Rxa6 Be8 44. Ra7 Bd7 45. Ra8 Nxd6 46. cxd6 Kxd6 47. Rh8 c5+ 48. Ke3 Kd5 49. Rxh5 c4 50. Rh1 Ba4 51. Nd4 Bd7 52. Rd1 Ba4 53. Nc2+ Kc5 54. Kd2 Bb3 55. Kc3 Ba4 56. Re1 Bxc2 57. Kxc2 Kd4 58. Re5 1-0

[Event "GER-chB Seniors 27th"]
[Site "Magdeburg"]
[Date "2015.08.18"]
[Round "4"]
[White "Daebel, Hasso"]
[Black "Neumann, Erwin"]
[Result "1/2-1/2"]
[WhiteElo "1737"]
[BlackElo "1890"]
[PlyCount "91"]
[EventDate "2015.08.15"]
[EventType "swiss"]
[EventRounds "9"]
[EventCountry "GER"]
[SourceTitle "EXT 2018"]
[Source "ChessBase"]
[SourceDate "2017.10.13"]
[SourceVersion "1"]
[SourceVersionDate "2017.10.13"]
[SourceQuality "1"]

1. d4 Nf6 2. Nf3 e6 3. Bf4 d5 4. Nbd2 b6 5. h3 Bb7 6. e3 Bd6 7. Bb5+ c6 8. Bxd6 Qxd6 9. Bd3 0-0 10. 0-0 Nbd7 11. c3 Rfe8 12. Bb1 e5 13. dxe5 Nxe5 14. Nxe5 Rxe5 15. Nf3 Rh5 16. Nh2 Qe6 17. Qf3 Rh6 18. Ng4 Nxg4 19. Qxg4 Re8 20. Qxe6 Rexe6 21. Bf5 Re5 22. Bg4 f5 23. Bf3 g5 24. Rfd1 Rhe6 25. g4 f4 26. exf4 gxf4 27. Kg2 Ba6 28. b3 Be2 29. Bxe2 Rxe2 30. Kf3 R6e4 31. Rd4 Rc2 32. Rxe4 Rxc3+ 33. Kxf4 dxe4 34. Kxe4 Rxh3 35. f4 h5 36. gxh5 Rxh5 37. Rg1+ Kf7 38. f5 Rh2 39. a4 Re2+ 40. Kd3 Re5 41. Rg6 c5 42. Rc6 Rxf5 43. Rc7+ Ke6 44. Rxa7 Rf3+ 45. Kc4 Rf4+ 46. Kc3 1/2-1/2

[Event "GER-chB Seniors 27th"]
[Site "Magdeburg"]
[Date "2015.08.17"]
[Round "3"]
[White "Luebbers, Doris"]
[Black "Daebel, Hasso"]
[Result "0-1"]
[WhiteElo "1563"]
[BlackElo "1737"]
[PlyCount "100"]
[EventDate "2015.08.15"]
[EventType "swiss"]
[EventRounds "9"]
[EventCountry "GER"]
[SourceTitle "EXT 2018"]
[Source "ChessBase"]
[SourceDate "2017.10.13"]
[SourceVersion "1"]
[SourceVersionDate "2017.10.13"]
[SourceQuality "1"]

1. d4 d5 2. Nf3 Nf6 3. e3 Bf5 4. Bd3 Ne4 5. b3 Nd6 6. Bxf5 Nxf5 7. Bb2 Nd7 8. Nbd2 e6 9. 0-0 Nf6 10. Re1 Be7 11. e4 dxe4 12. Nxe4 Nxe4 13. Rxe4 0-0 14. c4 Bf6 15. Qc2 c6 16. Rd1 Qc7 17. Bc1 Rad8 18. Bg5 Qe7 19. Bxf6 Qxf6 20. Rd2 Rd6 21. Qd1 Rfd8 22. Ne5 g6 23. Nf3 Kg7 24. Ne5 Nh6 25. Qf3 Qe7 26. Qd1 f6 27. Nf3 f5 28. Re3 Nf7 29. Ne5 Nxe5 30. Rxe5 Qf6 31. f4 b6 32. g3 Kf7 33. Kg2 Qe7 34. Re3 Qb7 35. Red3 c5+ 36. d5 exd5 37. Rxd5 Rxd5 38. Rxd5 Rxd5 39. Qxd5+ Qxd5+ 40. cxd5 Ke7 41. Kf3 Kd6 42. Ke3 Kxd5 43. Kd3 b5 44. a3 a5 45. a4 b4 46. h3 h6 47. g4 h5 48. gxf5 gxf5 49. h4 c4+ 50. bxc4+ Kc5 0-1

[Event "Wuertemberg-ch Seniors 27th"]
[Site "Freudenstadt"]
[Date "2015.07.10"]
[Round "8"]
[White "Just, Gabriele"]
[Black "Daebel, Hasso"]
[Result "1/2-1/2"]
[WhiteElo "1948"]
[BlackElo "1680"]
[PlyCount "124"]
[EventDate "2015.07.03"]
[EventType "swiss"]
[EventRounds "9"]
[EventCountry "GER"]
[SourceTitle "EXT 2016"]
[Source "ChessBase"]
[SourceDate "2015.10.08"]
[SourceVersion "1"]
[SourceVersionDate "2015.10.08"]
[SourceQuality "1"]

1. d4 d5 2. Nf3 Nf6 3. Bg5 e6 4. e3 Be7 5. Nbd2 h6 6. Bxf6 Bxf6 7. Ne5 c6 8. Bd3 Qc7 9. f4 Nd7 10. Qh5 Nf8 11. 0-0 Bxe5 12. fxe5 g6 13. Qg4 Rh7 14. a4 a6 15. Rf2 Qe7 16. c3 Bd7 17. Qe2 c5 18. Nf3 c4 19. Bc2 Rg7 20. a5 g5 21. Nd2 g4 22. Rf6 h5 23. Raf1 0-0-0 24. e4 Bc6 25. exd5 Bxd5 26. Nxc4 Bxc4 27. Qxc4+ Kb8 28. Be4 Rc8 29. Qb3 Rc7 30. Rh6 h4 31. Rh8 Rc8 32. Kh1 Ng6 33. Rxc8+ Kxc8 34. Qb6 Qc7 35. Qa7 Qb8 36. Qc5+ Qc7 37. Qb4 Ne7 38. c4 Kb8 39. d5 Nc8 40. b3 Qxe5 41. c5 exd5 42. Bf5 h3 43. c6 hxg2+ 44. Kxg2 Qc7 45. Qf8 Rg5 46. cxb7 Qxb7 47. Bxc8 Qxc8 48. Rxf7 Qxf8 49. Rxf8+ Kc7 50. Rf6 Kb7 51. Rd6 Rf5 52. b4 Rf4 53. Rb6+ Ka7 54. Kg3 Rc4 55. Rg6 Rxb4 56. Rxg4 d4 57. h4 Ra4 58. Rg7+ Kb8 59. Rg5 Kb7 60. h5 Rc4 61. h6 d3 62. Kf3 Rd4 1/2-1/2

[Event "Wuertemberg-ch Seniors 27th"]
[Site "Freudenstadt"]
[Date "2015.07.06"]
[Round "4"]
[White "Daebel, Hasso"]
[Black "Schwertel, Johann"]
[Result "1/2-1/2"]
[WhiteElo "1680"]
[BlackElo "2002"]
[PlyCount "51"]
[EventDate "2015.07.03"]
[EventType "swiss"]
[EventRounds "9"]
[EventCountry "GER"]
[SourceTitle "EXT 2016"]
[Source "ChessBase"]
[SourceDate "2015.10.08"]
[SourceVersion "1"]
[SourceVersionDate "2015.10.08"]
[SourceQuality "1"]

1. d4 d5 2. Nf3 Nf6 3. h3 c6 4. Bf4 Qb6 5. Qc1 Bf5 6. e3 Nbd7 7. Nbd2 e6 8. a3 Be7 9. b4 0-0 10. c4 Ne4 11. c5 Qd8 12. Nxe4 Bxe4 13. Nd2 Bg6 14. Be2 f6 15. 0-0 e5 16. Bg3 Re8 17. Qd1 Bf8 18. Bh5 Bxh5 19. Qxh5 g6 20. Qd1 Bg7 21. Nb3 Nf8 22. Ra2 Qd7 23. Rd2 Qe7 24. Re2 Bh6 25. Rfe1 Nd7 26. Na5 1/2-1/2

[Event "Wuertemberg-ch Seniors 27th"]
[Site "Freudenstadt"]
[Date "2015.07.03"]
[Round "1"]
[White "Daebel, Hasso"]
[Black "Sand, Rolf"]
[Result "1-0"]
[WhiteElo "1680"]
[BlackElo "1983"]
[PlyCount "55"]
[EventDate "2015.07.03"]
[EventType "swiss"]
[EventRounds "9"]
[EventCountry "GER"]
[SourceTitle "EXT 2016"]
[Source "ChessBase"]
[SourceDate "2015.10.08"]
[SourceVersion "1"]
[SourceVersionDate "2015.10.08"]
[SourceQuality "1"]

1. d4 Nf6 2. Nf3 g6 3. h3 Bg7 4. c3 d6 5. Bf4 0-0 6. Nbd2 c5 7. e3 Nc6 8. Be2 cxd4 9. exd4 Nd5 10. Bh2 e5 11. dxe5 dxe5 12. 0-0 Qe7 13. Bb5 f6 14. Bxc6 bxc6 15. Re1 Be6 16. c4 Nb6 17. b3 Rad8 18. Qe2 Nd7 19. Nd4 exd4 20. Qxe6+ Qxe6 21. Rxe6 Ne5 22. Bxe5 fxe5 23. Rxc6 d3 24. Rd1 Rfe8 25. f3 Bh6 26. Ne4 Be3+ 27. Kf1 Re7 28. Nf6+ 1-0

[Event "Hessen-ch Seniors op 11th"]
[Site "Bad Sooden-Allendorf"]
[Date "2015.05.14"]
[Round "6"]
[White "Daebel, Hasso"]
[Black "Semisch, Helga"]
[Result "1-0"]
[WhiteElo "1700"]
[BlackElo "1569"]
[PlyCount "113"]
[EventDate "2015.05.09"]
[EventType "swiss"]
[EventRounds "9"]
[EventCountry "GER"]
[SourceTitle "EXT 2018"]
[Source "ChessBase"]
[SourceDate "2017.10.13"]
[SourceVersion "1"]
[SourceVersionDate "2017.10.13"]
[SourceQuality "1"]

1. d4 d5 2. Nf3 c6 3. c3 e6 4. Bf4 f5 5. Nbd2 Nf6 6. h3 Be7 7. Ne5 0-0 8. e3 Nbd7 9. Ndf3 Ne4 10. Qc2 a6 11. Bd3 c5 12. Nxd7 Bxd7 13. Be5 c4 14. Bxe4 fxe4 15. Nh2 b5 16. a3 Bh4 17. g3 Be7 18. Rg1 Qe8 19. 0-0-0 a5 20. Kd2 b4 21. Ra1 Ba4 22. Qc1 bxc3+ 23. Qxc3 Bb3 24. Ke1 Qh5 25. h4 Rac8 26. Nf1 Bd8 27. Nd2 a4 28. Bd6 Rf7 29. Qb4 Ra7 30. Qc3 Qg4 31. Rh1 Ba5 32. Bb4 Bc7 33. Rg1 Re8 34. Nxc4 Qh3 35. Nd2 Qh2 36. Ke2 Qh3 37. Nxb3 axb3 38. Qxb3 Qg4+ 39. Ke1 Ba5 40. Bxa5 Rxa5 41. Qd1 Qg6 42. b4 Ra7 43. h5 Qf6 44. Qc1 e5 45. Qc5 Raa8 46. Qxd5+ Kh8 47. dxe5 Qg5 48. Rh1 Rad8 49. Qb5 Qe7 50. Rd1 Ra8 51. Rd7 Qe6 52. Kf1 Rxa3 53. Kg2 h6 54. Rhd1 Qxe5 55. Qxe5 Rxe5 56. Rb7 Rb3 57. g4 1-0